01624cam a22003857a 4500003000500000005001700005008004100022010001000063011001000073035001100083040000900094090001000103100004000113245015400153260004100307300003500348502007700383590003700460590004100497590004100538590004100579590004100620590004200661650002400703650003700727650003300764901000700797905002600804942000900830949005100839949006300890999001700953952014000970952012801110CHAP20220329142902.0041213d2004 mx ab r 00110 spa d a89219 a90191 a100747 cCHAP aTesis00aTorres González, Claudia.911411610aProducción, rentabilidad y sostenibilidad del cártamo (Carthamus tinctorius L.) en el municipio de Jamay, Jaliscoc/por Claudia Torres González aChapingo, Méx. :bEl autor,c2004. a83 h. :bilus. ; mapas ; anexo aTesis (Ing. Agr. Esp. en Fitotecnia) -- UACH. Departamento de Fitotecnia aALEPHb10c20130110lUCH01h1502 aBATCH-UPDb10c20130110lUCH01h0618 aBATCH-UPDb10c20130110lUCH01h2327 aBATCH-UPDb10c20130410lUCH01h0300 aBATCH-UPDb10c20130914lUCH01h0507 aCONVERSIONb10c20130109lUCH01h134914aAzafrancillo.9904814aAzafrancilloxRendimiento.9907514aAzafranzillozJalisco.99086 aBK aAlejandra Carrasco M. cFOLL aTesisbBCcTESd1007471eTS1h42729i100747sb aTesisbBCcTESd33724000944427eTS2fc.2h42730i100747sb c89219d89219 00102local4053708TESISaBCbBCcPA_TESISd2019-12-31fTESISl0oTesisp33724000944427r2019-12-31 00:00:00tc.2w2019-12-31yTESIS 00102local4051708TESISaBCbBCcPA_TESISd2019-12-31fTESISl0oTesisp1007471r2019-12-31 00:00:00w2019-12-31yTESIS